[Event "Tourn. n8587"]
[Site "www.chess-mail.com"]
[Date "2016.01.25"]
[Round "1"]
[White "Potemkine"]
[Black "Sonny1000"]
[WhiteElo "1499"]
[BlackElo "1519"]
[Result "1-0"]
[Round "1"]
1.d4 Ng8f6
2.Ng1f3 d5
3.e3 Nf6e4
4.c3 h5
5.Qd1a4 Nb8c6
6.b4 a6
7.b5 Nc6a7
8.bxa6 c6
9.Bc1a3 Na7b5
10.Bf1xb5 bxa6
11.Bb5xc6 Bc8d7
12.Bc6xd7 Qd8xd7
13.Qa4b3 h4
14.Nf3e5 Qd7f5
15.Qb3a4 Kd8
16.Qa4a5 Ke8
17.Qa5xd5 Qf5xf2
18.Kd1 Ra8d8
19.Qd5c6 { resign }
1-0

[Event "Tourn. n8600"]
[Site "www.chess-mail.com"]
[Date "2016.01.25"]
[Round "1"]
[White "Elogic"]
[Black "Mitja"]
[WhiteElo "2150"]
[BlackElo "1820"]
[Result "1/2-1/2"]
[Round "1"]
1.e3 d5
2.c4 dxc4
3.Bf1xc4 e6
4.a3 c6
5.Nb1c3 Ng8f6
6.d3 Nb8d7
7.b4 b5
8.Bc4b3 a5
9.Bc1b2 a4
10.Bb3c2 Nd7b6
11.Qd1f3 Bf8e7
12.Qf3xc6 Bc8d7
13.Qc6f3 Qd8c7
14.Ng1e2 Bd7c6
15.e4 h6
16.Qf3g3 Qc7xg3
17.Ne2xg3 O-O
18.f3 Ra8c8
19.O-O Rf8d8
20.e5 Nf6d5
21.Nc3xd5 Nb6xd5
22.Bc2b1 Rd8d7
23.Rf1e1 Nd5f4
24.d4 Bc6b7
25.Ng3e2 Nf4xe2
26.Re1xe2 Bb7d5
27.Bb1d3 Bd5c4
28.Bd3xc4 Rc8xc4
29.Ra1c1 Rc4xc1
30.Bb2xc1 { draw }
1/2-1/2

[Event "Tourn. n8600"]
[Site "www.chess-mail.com"]
[Date "2016.01.25"]
[Round "1"]
[White "Bojan"]
[Black "Mitja"]
[WhiteElo "2060"]
[BlackElo "1820"]
[Result "1-0"]
[Round "1"]
1.d4 d5
2.Qd1d3 e6
3.a3 c6
4.c4 dxc4
5.Qd3xc4 h6
6.e4 Ng8f6
7.Nb1c3 Bf8e7
8.h3 b6
9.Ng1f3 O-O
10.Bf1e2 Bc8a6
11.Qc4a4 Ba6xe2
12.Kxe2 Qd8c7
13.g3 Nb8d7
14.Bc1f4 Qc7c8
15.Nc3d1 Nf6h5
16.Bf4e3 Qc8c7
17.b4 b5
18.Qa4c2 Ra8c8
19.Qc2d2 a6
20.e5 g5
21.g4 Nh5g7
22.h4 Rf8d8
23.hxg5 Be7xg5
24.Nf3xg5 hxg5
25.Be3xg5 { resign }
1-0

[Event "Tourn. n8546"]
[Site "www.chess-mail.com"]
[Date "2016.01.25"]
[Round "1"]
[White "Gearoid"]
[Black "Yangqi"]
[WhiteElo "2370"]
[BlackElo "2610"]
[Result "0-1"]
[Round "1"]
1.e4 c5
2.Nb1c3 a6
3.f4 b5
4.d3 Bc8b7
5.Ng1f3 e6
6.Qd1e2 Nb8c6
7.Bc1e3 Qd8a5
8.e5 Ng8h6
9.Be3d2 Qa5c7
10.O-O-O d5
 { time }
0-1

[Event "Tourn. n8580"]
[Site "www.chess-mail.com"]
[Date "2016.01.25"]
[Round "1"]
[White "Duff"]
[Black "Leeds"]
[WhiteElo "1800"]
[BlackElo "1810"]
[Result "0-1"]
[Round "1"]
1.e4 c5
2.Ng1f3 Nb8c6
3.d4 cxd4
4.Nf3xd4 g6
5.Nb1c3 Bf8g7
6.Bc1e3 d6
7.Bf1b5 Bc8d7
8.O-O Ng8f6
9.Qd1d2 Nf6g4
10.Be3g5 Nc6xd4
{ resign }
0-1

[Event "Tourn. n8498"]
[Site "www.chess-mail.com"]
[Date "2016.01.25"]
[Round "1"]
[White "Bojan"]
[Black "Expert"]
[WhiteElo "2020"]
[BlackElo "1840"]
[Result "1-0"]
[Round "1"]
1.e4 c5
2.Nb1c3 a6
3.Ng1f3 d6
4.d4 cxd4
5.Nf3xd4 Ng8f6
6.h3 e5
7.Nd4f5 Bc8xf5
8.exf5 Bf8e7
9.Bf1c4 O-O
10.Bc4d3 Nb8c6
11.Bc1e3 d5
12.Be3g5 e4
13.Bd3e2 Be7b4
14.O-O Bb4xc3
15.bxc3 Nc6e7
16.Bg5xf6 gxf6
17.f3 Ne7xf5
18.fxe4 Nf5e3
19.Qd1d3 Ne3xf1
20.exd5 Nf1d2
21.Ra1d1 Qd8d6
22.Rd1xd2 Rf8e8
23.Qd3f3 Re8e5
24.c4 Ra8e8
25.Be2f1 Re5g5
26.Rd2f2 f5
27.Qf3b3 Re8e7
28.Qb3d3 Qd6e5
29.Rf2e2 Qe5d6
30.Re2f2 Qd6c5
31.g3 Re7e3
32.Qd3d2 Re3xg3
33.Kh2 Qc5e3
34.Qd2xe3 Rg3xe3
{ time. }
1-0

[Event "Tourn. n8567"]
[Site "www.chess-mail.com"]
[Date "2016.01.25"]
[Round "1"]
[White "Genius5"]
[Black "Tonino1"]
[WhiteElo "1820"]
[BlackElo "2060"]
[Result "0-1"]
[Round "1"]
1.f4 Ng8f6
2.Ng1f3 g6
3.b3 Bf8g7
4.Bc1b2 O-O
5.e3 d6
6.Bf1e2 c5
7.O-O Nb8c6
8.Be2b5 a6
9.Bb5xc6 bxc6
10.Qd1e2 Qd8c7
11.d3 Nf6d7
12.Nb1d2 Bg7xb2
{ resign }
0-1

[Event "Tourn. n8572"]
[Site "www.chess-mail.com"]
[Date "2016.01.25"]
[Round "1"]
[White "Chesspower"]
[Black "Attatroll"]
[WhiteElo "1820"]
[BlackElo "1990"]
[Result "0-1"]
[Round "1"]
1.d4 Ng8f6
2.c4 g6
3.Nb1c3 d5
4.Bc1f4 Bf8g7
5.e3 O-O
6.Ng1f3 dxc4
7.Bf1xc4 c6
8.O-O Bc8g4
9.h3 Bg4xf3
 { time }
0-1

[Event "Tourn. n8515"]
[Site "www.chess-mail.com"]
[Date "2016.01.25"]
[Round "1"]
[White "Norlavuaram"]
[Black "Panham"]
[WhiteElo "2180"]
[BlackElo "2190"]
[Result "1-0"]
[Round "1"]
1.e4 e6
2.d4 d5
3.Nb1d2 Ng8f6
4.e5 Nf6d7
5.c3 c5
6.Bf1d3 Nb8c6
7.Ng1e2 cxd4
8.cxd4 Qd8b6
9.Nd2f3 Bf8e7
10.O-O O-O
11.a3 f6
12.exf6 Be7xf6
13.b4 e5
14.dxe5 Nc6xe5
15.Nf3xe5 Bf6xe5
16.Ra1b1 Qb6c7
17.Ne2g3 Nd7f6
18.Bc1g5 Nf6g4
19.Rb1c1 Qc7f7
20.Qd1c2 Ng4f6
21.Bg5xf6 gxf6
22.Rf1e1 Be5f4
23.Rc1d1 Bc8g4
24.Rd1b1 Ra8c8
25.Qc2b3 Bf4e5
26.Rb1c1 Rf8d8
27.Rc1xc8 Rd8xc8
28.h3 Rc8c3
29.Qb3b1 Bg4e6
30.a4 Qf7c7
31.Ng3e2 Rc3a3
32.Re1c1 Qc7g7
33.Kf1 Ra3xa4
34.Qb1b3 Ra4a1
35.Rc1xa1 Be5xa1
36.Qb3a4 Ba1e5
37.Qa4e8 Qg7f8
38.Qe8xe6 Kg7
39.Qe6d7 Kh6
40.Qd7xh7 { resign }
1-0

[Event "Tourn. n8600"]
[Site "www.chess-mail.com"]
[Date "2016.01.25"]
[Round "1"]
[White "Elogic"]
[Black "Guidom"]
[WhiteElo "2150"]
[BlackElo "2090"]
[Result "0-1"]
[Round "1"]
1.e3 e5
2.f4 exf4
3.exf4 Bf8c5
4.Ng1f3 Nb8c6
5.d4 Bc5b6
6.c3 d5
7.Nf3e5 Nc6xe5
8.fxe5 Qd8h4
9.Kd2 Bc8f5
10.g3 Qh4g5
11.Ke1 Qg5g6
12.Nb1a3 Bf5e4
13.Rh1g1 Ng8e7
14.Bf1g2 Ne7c6
15.Bg2xe4 Qg6xe4
16.Qd1e2 Qe4xe2
17.Kxe2 Nc6xe5
18.Bc1f4 Ne5g6
19.Ra1e1 O-O-O
20.Kd3 Rh8e8
21.Re1xe8 Rd8xe8
22.Na3b5 Ng6xf4
23.gxf4 g6
24.Rg1g5 a6
25.Nb5a3 c6
26.c4 Re8e4
27.c5 Bb6c7
28.f5 Bc7xh2
29.fxg6 hxg6
30.Na3c4 Kd7
31.Nc4d6 Bh2xd6
{ resign }
0-1

[Event "Tourn. n8598"]
[Site "www.chess-mail.com"]
[Date "2016.01.25"]
[Round "1"]
[White "Caspito"]
[Black "Mrfunk"]
[WhiteElo "1710"]
[BlackElo "1499"]
[Result "0-1"]
[Round "1"]
1.e4 c5
2.b3 Nb8c6
3.c3 Ng8f6
4.d3 d5
5.Nb1d2 Bc8d7
6.Ng1f3 e6
7.e5 Nf6g4
8.d4 Ra8c8
9.Bc1a3 cxd4
10.cxd4 Bf8xa3
11.Bf1d3 Nc6b4
12.Ke2 Nb4xd3
13.Rh1f1 Nd3f4
{ resign }
0-1

[Event "Tourn. n8490"]
[Site "www.chess-mail.com"]
[Date "2016.01.25"]
[Round "1"]
[White "Expert"]
[Black "Roque1"]
[WhiteElo "1840"]
[BlackElo "1620"]
[Result "0-1"]
[Round "1"]
1.Ng1f3 c5
2.c4 e6
3.d4 cxd4
4.Nf3xd4 Nb8c6
5.e4 Ng8f6
6.Nb1c3 Bf8b4
7.Nd4xc6 bxc6
8.Bf1d3 e5
9.O-O O-O
10.Qd1c2 Qd8a5
11.Bc1d2 d5
12.a3 Bb4xc3
13.Bd2xc3 Qa5b6
14.cxd5 cxd5
15.exd5 Bc8b7
16.Bc3xe5 Ra8c8
17.Qc2d2 Bb7xd5
18.Be5xf6 Qb6xf6
19.Bd3xh7 Kxh7
20.Qd2xd5 Qf6xb2
21.a4 Rf8d8
22.Qd5xf7 Rc8c2
23.Qf7f5 Kg8
24.Qf5e6 Kh7
25.Qe6f5 g6
26.Qf5f7 Kh6
27.Qf7f4 g5
28.Qf4g4 { time. }
0-1

[Event "Tourn. n8516"]
[Site "www.chess-mail.com"]
[Date "2016.01.25"]
[Round "1"]
[White "Expert"]
[Black "Osopanda"]
[WhiteElo "1850"]
[BlackElo "1880"]
[Result "0-1"]
[Round "1"]
1.Ng1f3 Ng8f6
2.c4 g6
3.b3 Bf8g7
4.Bc1b2 O-O
5.d4 c5
6.e3 cxd4
7.exd4 d6
8.Bf1e2 Nb8c6
9.O-O Rf8e8
10.d5 Nc6b4
11.a3 Nb4a6
12.b4 Na6c7
13.Nb1d2 e5
14.Nd2b3 e4
15.Nf3d4 e3
16.fxe3 Re8xe3
17.Qd1d2 Bg7h6
18.Qd2d1 Nf6e4
19.Be2f3 Ne4g5
20.Bf3g4 Bc8xg4
21.Qd1xg4 f5
22.Qg4h4 Bh6g7
23.Ra1e1 Re3xb3
24.Nd4e6 { time. }
0-1

[Event "Tourn. n8511"]
[Site "www.chess-mail.com"]
[Date "2016.01.25"]
[Round "1"]
[White "Faerieking"]
[Black "Wwgia"]
[WhiteElo "2240"]
[BlackElo "2220"]
[Result "1-0"]
[Round "1"]
1.e4 c5
2.d4 cxd4
3.c3 d3
4.Bf1xd3 g6
5.Ng1f3 Bf8g7
6.O-O Ng8f6
7.Bc1g5 d6
8.h3 O-O
9.Nb1d2 Nb8d7
10.Ra1c1 b6
11.Nd2b3 Bc8b7
12.Qd1e2 Nd7c5
13.Nb3xc5 bxc5
14.Rf1d1 Bb7c6
15.Bd3b1 Ra8b8
16.e5 Bc6xf3
17.Qe2xf3 Nf6e8
18.exd6 Ne8xd6
19.Qf3e3 f6
20.Qe3e6 Kh8
21.Bg5f4 Rb8b6
22.Qe6e3 e5
23.Bf4h6 Qd8e7
24.Bh6xg7 Kxg7
25.Qe3xc5 Rf8c8
26.Qc5a3 Qe7c7
27.Bb1d3 e4
28.Bd3f1 Nd6f5
29.b3 e3
30.fxe3 Nf5xe3
31.Rd1e1 Rb6e6
32.Qa3b2 Rc8e8
33.Qb2f2 Ne3xf1
34.Qf2xf1 Qc7xc3
35.Rc1xc3 Re6xe1
36.Rc3c7 Kh6
37.Rc7xa7 { resign }
1-0

[Event "Tourn. n8491"]
[Site "www.chess-mail.com"]
[Date "2016.01.25"]
[Round "1"]
[White "Stepanpech"]
[Black "Wwgia"]
[WhiteElo "2170"]
[BlackElo "2230"]
[Result "1-0"]
[Round "1"]
1.e4 c5
2.Ng1f3 Nb8c6
3.d4 cxd4
4.Nf3xd4 g6
5.c4 Ng8f6
6.Nb1c3 Nc6xd4
7.Qd1xd4 d6
8.Bf1e2 Bf8g7
9.Bc1g5 O-O
10.Qd4d2 Qd8a5
11.O-O Bc8e6
12.Ra1c1 Rf8c8
13.b3 a6
14.f4 b5
15.f5 Be6d7
16.fxg6 hxg6
17.e5 Nf6e8
18.Nc3d5 { resign }
1-0

[Event "Tourn. n8566"]
[Site "www.chess-mail.com"]
[Date "2016.01.25"]
[Round "1"]
[White "Genius5"]
[Black "Chtoubidou"]
[WhiteElo "1820"]
[BlackElo "1900"]
[Result "0-1"]
[Round "1"]
1.d4 d5
2.c4 Nb8c6
3.Nb1c3 dxc4
4.d5 Nc6a5
5.Qd1a4 c6
6.b4 b5
7.Qa4xa5 Bc8b7
8.dxc6 Bb7xc6
9.Nc3xb5 Qd8xa5
10.bxa5 Bc6xb5
11.e4 e6
12.Bc1d2 { time. }
0-1

[Event "Match"]
[Site "www.echecsemail.com"]
[Date "2016.01.25"]
[Round "1"]
[White "Bojan"]
[Black "Ssharp"]
[WhiteElo "2040"]
[BlackElo "2220"]
[Result "0-1"]
[Round "1"]
1.d4 Ng8f6
2.c4 e5
3.dxe5 Nf6g4
4.Qd1d4 Bf8b4
5.Bc1d2 Bb4xd2
6.Nb1xd2 Ng4h6
7.e6 f6
8.exd7 Bc8xd7
9.Qd4e4 Kf8
10.Qe4xb7 Nb8c6
11.Qb7a6 Kf7
12.c5 Rh8e8
13.e3 Kg8
14.a3 Kh8
15.Ng1f3 Ra8b8
16.b3 Nh6f5
17.Qa6d3 Qd8e7
18.Ra1c1 Rb8d8
19.Rc1c3 a5
20.Qd3c2 Nf5d4
21.Qc2b1 Bd7g4
22.Nf3xd4 Nc6xd4
23.Rc3c4 Bg4e6
24.Rc4c3 c6
25.h3 Be6f5
26.Qb1d1 Qe7e5
27.Rc3c4 Bf5e6
28.Qd1c1 Be6xc4
29.Qc1xc4 Nd4e6
30.b4 Qe5a1
31.Ke2 Ne6d4
{ resign }
0-1

[Event "Match"]
[Site "www.echecsemail.com"]
[Date "2016.01.25"]
[Round "1"]
[White "Nimzo"]
[Black "Fanny33"]
[WhiteElo "2830"]
[BlackElo "2740"]
[Result "1/2-1/2"]
[Round "1"]
1.d4 f5
2.g3 Ng8f6
3.Bf1g2 e6
4.c4 c6
5.Ng1f3 d5
6.O-O Bf8d6
7.b3 Qd8e7
8.Nf3e5 O-O
9.Bc1b2 Nb8d7
10.Nb1d2 a5
11.Qd1c2 Nf6e4
12.Nd2f3 a4
13.Ra1c1 Nd7xe5
14.Nf3xe5 axb3
15.axb3 Bc8d7
16.c5 Bd6c7
17.b4 Ra8a2
18.Rc1a1 Rf8a8
19.Ra1xa2 Ra8xa2
20.Rf1a1 Ra2xa1
21.Bb2xa1 Bd7e8
22.f3 Ne4f6
23.Qc2a2 Qe7d8
24.Ba1c3 h6
25.Ne5d3 g5
26.Qa2a7 Qd8b8
27.Qa7xb8 Bc7xb8
28.Nd3e5 Bb8c7
29.Kf2 { draw }
1/2-1/2

[Event "Match"]
[Site "www.echecsemail.com"]
[Date "2016.01.25"]
[Round "1"]
[White "Ssharp"]
[Black "Bojan"]
[WhiteElo "2220"]
[BlackElo "2040"]
[Result "1-0"]
[Round "1"]
1.c4 g6
2.d4 Bf8g7
3.Nb1c3 e6
4.e4 d6
5.f4 e5
6.fxe5 dxe5
7.d5 c6
8.Ng1f3 Qd8d6
9.Bc1e3 Nb8a6
10.Bf1e2 f5
11.O-O Ng8f6
12.exf5 Bc8xf5
13.Nf3g5 cxd5
14.cxd5 Na6c7
15.Qd1b3 b6
16.Ra1d1 Bf5d7
17.Ng5e4 Qd6f8
18.Ne4xf6 Bg7xf6
19.Nc3e4 Bd7f5
20.Ne4xf6 Qf8xf6
21.g4 Rh8g8
22.gxf5 gxf5
23.Kh1 Rg8g7
24.d6 Nc7e6
25.d7 Kd8
26.Be3xb6 axb6
27.Qb3xb6 Ke7
28.Qb6d6 Kd8
29.Be2c4 Rg7e7
30.Qd6b6 { resign }
1-0

[Event "Match"]
[Site "www.echecsemail.com"]
[Date "2016.01.25"]
[Round "1"]
[White "Elogic"]
[Black "Estonia"]
[WhiteElo "2059"]
[BlackElo "1980"]
[Result "0-1"]
[Round "1"]
1.d4 Ng8f6
2.g3 g6
3.Bf1g2 Bf8g7
4.Nb1c3 O-O
5.Bc1f4 d6
6.e4 Nb8c6
7.a3 e5
8.d5 exf4
9.dxc6 bxc6
10.Ng1e2 fxg3
11.fxg3 Nf6g4
12.Ne2f4 Ng4e5
13.Qd1e2 a5
14.O-O Bc8a6
15.Nf4d3 Ra8b8
16.Ra1b1 h5
17.Qe2d1 Ne5g4
18.Qd1e2 Qd8g5
19.Rf1f3 Bg7xc3
20.Rb1f1 Bc3d4
21.Kh1 Ng4e3
22.h4 Ba6xd3
23.Qe2xd3 Qg5c5
24.c3 Ne3xf1
25.cxd4 Nf1xg3
26.Rf3xg3 Qc5c1
27.Bg2f1 Rb8xb2
28.Rg3g1 Qc1f4
29.Bf1g2 Qf4xh4
30.Bg2h3 Rf8e8
31.e5 dxe5
32.Rg1xg6 Kf8
33.Qd3f5 Rb2b1
34.Rg6g1 Rb1xg1
35.Kxg1 Qh4xd4
{ resign }
0-1

[Event "Match"]
[Site "www.echecsemail.com"]
[Date "2016.01.25"]
[Round "1"]
[White "Libiesse"]
[Black "Elogic"]
[WhiteElo "1990"]
[BlackElo "1669"]
[Result "1-0"]
[Round "1"]
1.d4 Ng8f6
2.c4 c5
3.d5 e6
4.Nb1c3 Bf8d6
5.Bc1g5 exd5
6.Bg5xf6 Qd8xf6
7.Qd1xd5 Nb8c6
8.a3 Nc6d4
9.Ra1c1 Qf6h6
10.e3 O-O
11.Ng1e2 Nd4b3
12.Rc1d1 Bd6e7
13.Ne2g3 d6
14.Bf1e2 a6
15.O-O Ra8b8
16.Be2d3 b6
17.Nc3e2 Bc8e6
18.Qd5f3 g6
19.Ng3e4 f5
20.Ne4d2 Nb3xd2
21.Rd1xd2 Be7g5
22.Rf1d1 Rb8d8
23.Qf3b7 f4
24.f3 fxe3
25.Rd2c2 Rf8f7
26.Qb7xb6 Rd8f8
27.Qb6c6 Bg5f4
28.Ne2g3 Bf4xg3
29.hxg3 Be6f5
30.Qc6d5 Bf5xd3
31.Rd1xd3 Rf8e8
32.Rc2e2 g5
33.Rd3xe3 Re8xe3
34.Re2xe3 Kg7
35.Re3e6 Rf7f6
36.Re6e7 Kg6
37.Qd5e4 Kh5
38.Re7xh7 { resign }
1-0

[Event "Match"]
[Site "www.echecsemail.com"]
[Date "2016.01.25"]
[Round "1"]
[White "Duff"]
[Black "Pablincho"]
[WhiteElo "1740"]
[BlackElo "1860"]
[Result "1-0"]
[Round "1"]
1.e4 e6
2.d4 d5
3.Nb1c3 Nb8c6
4.Ng1f3 Bf8b4
5.Bf1d3 Ng8f6
6.Bc1g5 h6
7.Bg5xf6 Qd8xf6
8.e5 Qf6d8
9.O-O Bb4xc3
10.bxc3 O-O
11.c4 f6
12.Rf1e1 fxe5
13.dxe5 Nc6e7
14.Qd1e2 c6
15.h3 Qd8c7
16.Nf3d4 c5
17.Nd4b5 Qc7a5
18.Nb5d6 a6
19.Qe2g4 Qa5d2
20.Nd6xc8 Qd2xf2
21.Kh1 Ne7xc8
22.Qg4xe6 Kh8
23.Re1f1 Qf2xf1
24.Ra1xf1 Rf8xf1
25.Bd3xf1 Nc8a7
26.Qe6b6 { resign }
1-0

[Event "Match"]
[Site "www.echecsemail.com"]
[Date "2016.01.25"]
[Round "1"]
[White "Juodivarnai"]
[Black "Tonino1"]
[WhiteElo "2180"]
[BlackElo "2030"]
[Result "0-1"]
[Round "1"]
1.e4 c5
2.Ng1f3 d6
3.d4 cxd4
4.Nf3xd4 Ng8f6
5.Nb1c3 g6
6.Bc1e3 Bf8g7
7.f3 O-O
8.Qd1d2 Nb8c6
9.O-O-O Nc6xd4
10.Be3xd4 Bc8e6
11.g4 Qd8a5
12.a3 Nf6d7
13.Bd4xg7 Kxg7
14.h4 Ra8c8
15.h5 g5
16.Qd2d4 Qa5e5
17.Qd4xe5 Nd7xe5
18.Bf1e2 h6
19.Nc3b5 a6
20.Nb5d4 Be6d7
21.Nd4f5 Bd7xf5
22.gxf5 f6
23.Rd1g1 Rc8c7
24.f4 Ne5f7
25.fxg5 hxg5
26.Kb1 Kh6
27.c4 Rf8c8
28.Rg1c1 Nf7e5
29.b3 a5
30.a4 Ne5c6
31.c5 Nc6d4
32.Be2c4 Rc7xc5
33.Kb2 Nd4f3
34.Bc4e2 Rc5xc1
35.Rh1xc1 Rc8xc1
36.Kxc1 g4
{ resign }
0-1

[Event "Match"]
[Site "www.echecsemail.com"]
[Date "2016.01.25"]
[Round "1"]
[White "Wagner"]
[Black "Osvalazo"]
[WhiteElo "1720"]
[BlackElo "1349"]
[Result "1-0"]
[Round "1"]
1.e4 e5
2.d4 exd4
3.Qd1xd4 Nb8c6
4.Qd4c4 Nc6e5
5.Qc4b5 Ne5c6
6.Qb5d5 Ng8f6
7.Qd5c4 Nc6b4
8.Bc1g5 c5
9.e5 Qd8e7
10.Ng1f3 d5
11.Qc4b5 Nb4c6
12.Bg5xf6 gxf6
13.Nb1c3 a6
14.Qb5d3 Nc6b4
15.Qd3e2 fxe5
16.a3 Bc8f5
17.axb4 Qe7e6
18.Nf3g5 Qe6g6
19.h4 f6
20.Nc3xd5 Ra8c8
21.g4 Bf5xc2
22.Nd5f4 Qg6g8
23.Ng5f3 Qg8xg4
24.Nf4d5 Bf8g7
25.Rh1g1 Qg4e6
26.Nd5e3 Bc2e4
27.Rg1xg7 Be4xf3
28.Qe2xf3 Rc8c6
29.Bf1c4 Qe6d6
30.Ra1d1 Qd6f8
31.Qf3h5 { resign }
1-0

[Event "Match"]
[Site "www.echecsemail.com"]
[Date "2016.01.25"]
[Round "1"]
[White "Genius7"]
[Black "Darko10"]
[WhiteElo "2150"]
[BlackElo "2510"]
[Result "0-1"]
[Round "1"]
1.c4 e5
2.Nb1c3 Bf8b4
3.Nc3d5 a5
4.Nd5xb4 axb4
5.d3 d5
6.cxd5 Qd8xd5
7.a3 Nb8c6
8.Ng1f3 Ng8f6
9.g3 e4
10.dxe4 Qd5xe4
11.Bf1g2 O-O
12.O-O Rf8d8
13.Qd1b3 Qe4xe2
14.Bc1e3 Bc8e6
{ resign }
0-1

[Event "Match"]
[Site "www.echecsemail.com"]
[Date "2016.01.25"]
[Round "1"]
[White "Genius9"]
[Black "Luzhin"]
[WhiteElo "1750"]
[BlackElo "2240"]
[Result "0-1"]
[Round "1"]
1.d4 d5
2.Ng1f3 Ng8f6
3.g3 c5
4.Bf1g2 cxd4
5.Nf3xd4 e5
6.Nd4b3 Bc8e6
7.O-O a5
8.a4 Bf8e7
9.Nb1c3 O-O
10.Bc1g5 d4
11.Bg5xf6 Be7xf6
12.Nc3e4 Nb8d7
13.Ne4xf6 { time. }
0-1

[Event "Match"]
[Site "www.echecsemail.com"]
[Date "2016.01.25"]
[Round "1"]
[White "Gatrooper"]
[Black "Johnmcbride"]
[WhiteElo "1580"]
[BlackElo "1850"]
[Result "0-1"]
[Round "1"]
1.e4 e5
2.a3 d6
3.h3 a6
4.Nb1c3 c6
5.Ng1f3 h6
6.d3 b5
7.Bf1e2 Ng8f6
8.d4 exd4
9.Qd1xd4 c5
10.Qd4d1 Bf8e7
11.Bc1d2 O-O
12.Nc3a2 Nf6xe4
13.Be2d3 Ne4xd2
14.Qd1xd2 Bc8b7
15.O-O-O Bb7d5
16.b3 Bd5xf3
17.gxf3 Nb8c6
18.Bd3e4 Ra8c8
19.Be4d3 Nc6d4
20.Bd3e4 Nd4xf3
21.Qd2e2 Nf3d4
22.Qe2d3 g6
23.f4 f5
24.Be4d5 Kg7
25.Rh1g1 Be7h4
26.Bd5b7 Rc8b8
27.Bb7f3 Nd4xf3
28.Qd3xf3 Qd8f6
29.c3 Rb8b6
30.Rd1d2 Qf6f7
31.Rd2g2 g5
32.fxg5 Bh4xg5
33.Kb1 Qf7xb3
34.Rg2b2 Qb3c4
35.h4 Qc4xh4
36.Rg1h1 Qh4e4
37.Qf3xe4 fxe4
38.Rh1g1 Rf8f5
39.Na2c1 c4
40.Nc1e2 Rf5f3
41.Rb2c2 d5
42.Ne2d4 Rf3d3
43.Nd4f5 Kh7
44.Rc2f2 Rb6f6
45.Rg1f1 Rd3xc3
46.Nf5e7 Rf6xf2
47.Rf1xf2 Rc3f3
48.Rf2g2 e3
49.Ne7xd5 Rf3f2
50.Rg2g1 Rf2f5
51.Nd5b4 e2
52.Nb4c2 Rf5f1
53.Rg1xf1 exf1Q
54.Kb2 Bg5f6
55.Ka2 Qf1c1
56.Nc2d4 Bf6xd4
57.a4 Qc1b2

0-1

[Event "Match"]
[Site "www.echecsemail.com"]
[Date "2016.01.25"]
[Round "1"]
[White "Krystek23"]
[Black "Expert"]
[WhiteElo "2130"]
[BlackElo "1910"]
[Result "1-0"]
[Round "1"]
1.c4 g6
2.Nb1c3 Bf8g7
3.d4 d6
4.Ng1f3 Ng8f6
5.e4 O-O
6.Bf1e2 e5
7.d5 Nb8d7
8.Qd1c2 Rf8e8
9.Bc1g5 h6
10.Bg5d2 a6
11.O-O Nd7f8
12.h3 b6
13.Bd2e3 Bc8b7
14.Rf1d1 Qd8e7
15.Ra1c1 Nf8d7
16.Qc2d2 Kh7
17.Be2d3 Ra8d8
18.Bd3c2 Nd7c5
{ time. }
1-0

[Event "1/4 Finale"]
[Site "www.chess-mail.com"]
[Date "2016.01.25"]
[Round "1"]
[White "George1955"]
[Black "Conde7"]
[WhiteElo "2720"]
[BlackElo "2820"]
[Result "1/2-1/2"]
[Round "1"]
1.e4 c5
2.Ng1f3 d6
3.d4 cxd4
4.Nf3xd4 Ng8f6
5.Nb1c3 a6
6.Bc1e3 e5
7.Nd4b3 Bc8e6
8.f3 Nb8d7
9.Qd1d2 b5
10.O-O-O Bf8e7
11.g4 b4
12.Nc3d5 Be6xd5
13.exd5 Nd7b6
14.Qd2xb4 Nf6xd5
15.Be3xb6 Nd5xb6
16.f4 d5
17.Qb4c3 Ra8c8
18.Qc3xe5 O-O
19.Qe5e3 Qd8c7
20.c3 Rf8e8
21.Qe3f3 Nb6a4
22.Rd1d4 Na4xc3
23.bxc3 Be7f6
24.Rd4xd5 Qc7e7
25.Rd5e5 Bf6xe5
26.fxe5 a5
27.Kb2 a4
28.Bf1b5 Re8d8
29.Bb5xa4 Rc8a8
{ draw }
1/2-1/2

[Event "1/64 Finale"]
[Site "www.chess-mail.com"]
[Date "2016.01.25"]
[Round "1"]
[White "Elogic"]
[Black "Attatroll"]
[WhiteElo "2059"]
[BlackElo "2000"]
[Result "0-1"]
[Round "1"]
1.d4 f5
2.e4 fxe4
3.Bc1h6 Ng8xh6
4.Qd1h5 g6
5.Qh5e5 Rh8g8
6.Qe5xe4 Bf8g7
7.Bf1c4 e6
8.Nb1c3 Nb8c6
9.O-O-O d5
10.Nc3xd5 Kf8
11.Qe4f4 Nh6f5
12.Nd5xc7 Bg7h6
13.Qf4xh6 Nf5xh6
14.Nc7xa8 Qd8g5
15.Kb1 Qg5xg2
16.Ng1e2 Rg8g7
17.Ne2f4 Qg2g4
18.Nf4e2 b6
19.Rh1g1 Qg4f3
20.Ne2c3 Bc8b7
21.Na8xb6 axb6
22.Bc4xe6 Nh6f5
23.Rg1f1 Nc6xd4
24.Be6xf5 Nd4xf5
25.Rd1d8 Kf7
26.Rf1d1 Bb7c6
27.Rd8c8 Kf6
28.Rd1d3 Qf3h1
29.Rd3d1 Qh1g2
30.Nc3e2 Rg7d7
31.Rd1g1 Qg2f3
32.Ne2c3 Nf5d4
33.a3 Qf3xf2
34.Rc8xc6 Kf7
35.Rg1d1 Qf2xc2
36.Ka2 Qc2b3
37.Kb1 Qb3xd1
38.Nc3xd1 Nd4xc6
{ resign }
0-1

[Event "Tourn. n8554"]
[Site "www.chess-mail.com"]
[Date "2016.01.26"]
[Round "1"]
[White "Snoopy"]
[Black "Falcoale"]
[WhiteElo "1699"]
[BlackElo "1720"]
[Result "1-0"]
[Round "1"]
1.b3 c5
2.Bc1b2 Nb8c6
3.e4 e6
4.e5 b6
5.Ng1f3 Bc8b7
6.Nb1c3 Ng8e7
7.Nc3e4 Ne7g6
8.Ne4d6 Bf8xd6
9.exd6 O-O
10.c4 f6
11.d4 cxd4
12.Nf3xd4 e5
13.Nd4f5 Ng6f4
14.Qd1g4 Nc6b4
15.Qg4xg7 
1-0

[Event "Tourn. n8561"]
[Site "www.chess-mail.com"]
[Date "2016.01.26"]
[Round "1"]
[White "Cardiff"]
[Black "Norlavuaram"]
[WhiteElo "2000"]
[BlackElo "2110"]
[Result "1/2-1/2"]
[Round "1"]
1.e4 e5
2.Ng1f3 Nb8c6
3.Bf1b5 a6
4.Bb5xc6 dxc6
5.d4 exd4
6.Qd1xd4 Qd8xd4
7.Nf3xd4 Bf8c5
8.Bc1e3 Bc5b6
9.Nb1d2 Ng8e7
10.Nd2c4 Bb6a7
11.O-O-O O-O
12.Rh1e1 Ne7g6
13.f3 b5
14.Nc4a5 c5
15.Nd4c6 Ba7b6
16.a3 { draw }
1/2-1/2

[Event "Tourn. n8553"]
[Site "www.chess-mail.com"]
[Date "2016.01.26"]
[Round "1"]
[White "Genius7"]
[Black "Goofy"]
[WhiteElo "2160"]
[BlackElo "2260"]
[Result "0-1"]
[Round "1"]
1.e4 e5
2.Ng1f3 Nb8c6
3.Bf1b5 a6
4.Bb5a4 Ng8f6
5.d3 d6
6.c3 g6
7.O-O Bf8g7
8.Qd1e2 O-O
9.Ba4c2 Nf6h5
10.Bc1e3 f5
11.Be3g5 Qd8e8
12.Nb1a3 f4
13.Bc2d1 h6
14.Bg5h4 g5
{ resign }
0-1

[Event "Tourn. n8555"]
[Site "www.chess-mail.com"]
[Date "2016.01.26"]
[Round "1"]
[White "Cathar"]
[Black "Goosebumps"]
[WhiteElo "2250"]
[BlackElo "2200"]
[Result "1-0"]
[Round "1"]
1.d4 Ng8f6
2.Ng1f3 e6
3.e3 c5
4.Bf1d3 Nb8c6
5.c3 cxd4
6.exd4 d5
7.Bc1f4 Nf6h5
8.Bf4g5 Qd8c7
9.Nb1d2 h6
10.Bg5h4 Bf8d6
11.Bh4g3 Nh5xg3
12.hxg3 Bc8d7
13.Qd1e2 a6
14.a3 Qc7b6
15.O-O-O Ra8c8
16.Bd3c2 Nc6a5
{ time. }
1-0

[Event "Tourn. n8602"]
[Site "www.chess-mail.com"]
[Date "2016.01.26"]
[Round "1"]
[White "Conde7"]
[Black "Elogic"]
[WhiteElo "2840"]
[BlackElo "2200"]
[Result "1-0"]
[Round "1"]
1.e4 e5
2.Ng1f3 Nb8c6
3.Bf1b5 Ng8e7
4.O-O a6
5.Bb5c4 b5
6.Bc4b3 d5
7.exd5 Ne7xd5
8.d4 e4
9.Nf3g5 f5
10.Nb1c3 Nc6e7
11.Ng5xe4 fxe4
12.Qd1h5 Ne7g6
13.Bb3xd5 Ra8b8
14.Rf1e1 Qd8f6
15.Nc3xe4 Qf6xd4
16.Ne4f6 Kd8
17.Re1e8 { resign }
1-0

[Event "Tourn. n8562"]
[Site "www.chess-mail.com"]
[Date "2016.01.26"]
[Round "1"]
[White "Cal"]
[Black "Redabond"]
[WhiteElo "1540"]
[BlackElo "1610"]
[Result "1-0"]
[Round "1"]
1.d4 d5
2.h3 Bc8f5
3.Nb1c3 Nb8c6
4.a3 Ng8f6
5.Ng1f3 e6
6.b4 Bf8d6
7.e3 Nf6e4
8.Nc3xe4 Bf5xe4
9.Bf1b5 Qd8d7
10.Nf3g5 Be4xg2
11.Rh1g1 Bg2e4
12.f3 Be4g6
13.f4 O-O
14.c3 h6
15.Ng5f3 a6
16.Bb5xc6 Qd7xc6
17.Bc1b2 Bg6h5
18.Kf2 Qc6d7
19.Qd1e2 Qd7b5
20.Qe2d2 Bh5xf3
21.Kxf3 f5
22.Rg1g3 g5
23.Ra1g1 Kh7
24.Rg3g2 Qb5e8
25.fxg5 Qe8h5
26.Kf2 Qh5xh3
27.g6 Kg7
28.Ke2 Qh3h5
29.Kd3 f4
30.Kc2 f3
31.Rg2g4 f2
32.Rg4g2 fxg1Q
33.Rg2xg1 Qh5f5
34.Kb3 Qf5f2
35.Qd2c1 Rf8f3
36.Ka4 Rf3xe3
37.c4 dxc4
38.Rg1f1 Qf2h4
39.Qc1xe3 Qh4g5
40.d5 Kxg6
41.Qe3xe6 Kh7
42.Rf1f7 Kg8
43.Rf7g7 Kh8
44.Rg7xg5 Kh7
45.Qe6f7 { resign }
1-0

[Event "Tourn. n8505"]
[Site "www.chess-mail.com"]
[Date "2016.01.26"]
[Round "1"]
[White "Bojan"]
[Black "Falcoale"]
[WhiteElo "2000"]
[BlackElo "1880"]
[Result "1-0"]
[Round "1"]
1.e4 c5
2.Ng1f3 Nb8c6
3.Nb1c3 e6
4.d3 b6
5.Bc1f4 a6
6.Nf3e5 Nc6xe5
7.Bf4xe5 d6
8.Be5g3 Bc8b7
9.Bf1e2 Ng8f6
10.Be2f3 Bf8e7
11.d4 cxd4
12.Qd1xd4 e5
13.Qd4a4 Nf6d7
14.Nc3d5 Bb7xd5
15.exd5 O-O
16.O-O b5
17.Qa4a3 Nd7c5
18.b4 Nc5a4
19.Qa3d3 Be7f6
20.Ra1b1 Ra8c8
21.Rf1c1 Na4c3
22.Rb1b3 Nc3a4
23.c4 Rc8c7
24.Qd3e4 bxc4
25.Rc1xc4 Qd8b8
26.Rc4c6 Bf6d8
27.Bf3e2 Rc7xc6
28.dxc6 Bd8c7
29.Be2xa6 f5
30.Qe4d5 Kh8
31.Ba6d3 Na4b6
32.Qd5b5 e4
33.Bd3c2 f4
34.Bg3h4 e3
35.fxe3 f3
36.gxf3 Rf8xf3
37.Qb5h5 h6
38.Qh5xf3 d5
39.Bh4g3 Bc7xg3
40.Qf3xg3 { resign }
1-0